Storytelling využitý v marketingových kampaniach známych značiek
Rozprávanie príbehov patrí už od dávna medzi najstaršie formy komunikácie medzi ľuďmi. Známe značky využívajú práve vyrozprávanie príbehu ako marketingovú kampaň. Storytelling, inak aj vypovedanie príbehu, je umenie a rozprávanie príbehov s cieľom sprostredkovať informácie, myšlienky alebo emócie sp...
Saved in:
| Main Author: | |
|---|---|
| Other Authors: | |
| Format: | Book Chapter |
| Language: | Slovak |
| Subjects: | |
| Tags: |
No Tags, Be the first to tag this record!
|
MARC
| LEADER | 00000naa$a2200000$$$4500 | ||
|---|---|---|---|
| 001 | 0313929 | ||
| 005 | 20260113083839.0 | ||
| 041 | 0 | |a slo | |
| 044 | |a SK | ||
| 245 | 1 | 0 | |a Storytelling využitý v marketingových kampaniach známych značiek |c Janka Kopčáková, Erik Weiss |
| 520 | |a Rozprávanie príbehov patrí už od dávna medzi najstaršie formy komunikácie medzi ľuďmi. Známe značky využívajú práve vyrozprávanie príbehu ako marketingovú kampaň. Storytelling, inak aj vypovedanie príbehu, je umenie a rozprávanie príbehov s cieľom sprostredkovať informácie, myšlienky alebo emócie spotrebiteľom. Príspevok poukazuje na faktory ako autentickosť, emocionálnosť, personalizáciu a zdieľanie spotrebiteľa ako hlavného hrdinu v rámci marketingu. Jednotlivé známe značky využívajú práve Storytelling ako naratívny marketingový nástroj. Príspevok približuje známu značku v šperkárstve Pandora, ktorá využíva naratívne faktory v marketingových kampaniach. | ||
| 610 | 2 | 0 | |a kampane reklamné |
| 610 | 2 | 0 | |a stratégia marketingová |
| 610 | 2 | 0 | |a nástroje marketingové |
| 610 | 2 | 0 | |a značky výrobkov |
| 610 | 2 | 0 | |a spotrebitelia |
| 610 | 2 | 0 | |a personalizácia |
| 100 | 1 | |a Kopčáková, Janka, 1994- | |
| 700 | 1 | |a Weiss, Erik, 1979- | |